[Event "26th Bosnjaci Open 2022"]
[Site "Bosnjaci"]
[Date "2022.01.09"]
[Round "9.9"]
[White "Grguric, Stjepan-Kresimir"]
[Black "Vidovic, Sasa"]
[Result "0-1"]
[WhiteElo "2107"]
[BlackElo "2206"]
[Annotator "TA"]
[PlyCount "82"]
[EventDate "2022.01.03"]
[EventType "swiss"]
[EventCountry "CRO"]
[SourceTitle "playchess.com"]
[Source "ChessBase"]
[SourceQuality "1"]

{[%evp 9,82,33,44,-23,-24,-91,-105,-105,-100,-98,6,-41,0,0,-5,-5,-2,0,0,0,50,-52,-57,-46,-41,-72,-72,-82,-55,-66,-68,-81,-93,-85,-85,-103,-90,-64,-80,-125,-129,-135,-68,-235,-229,-248,-245,-343,-213,-460,-278,-361,-284,-266,-286,-297,-80,-187,139,-275,-283,-360,-372,-456,-450,-502,-491,-1709,-1725,-1673,-1654,-1403,-1481,-1261,-1114]} 1. e4 d6 2. d4 Nf6 3. Nc3 c6 4. f4 Qa5 5. Bd3 e5 $1 6. Be3 {B07: Pirc Defence: Miscellaneous Systems.} (6. Nf3 $14) 6... Ng4 $11 7. Qd2 (7. Bd2 $1 $11 {keeps the balance.}) 7... Nxe3 $17 8. Qxe3 {Black is better.} Qb6 {[%csl LRb2,LRd4]} 9. Nge2 {[#]} Nd7 $146 (9... Qxb2 $17 10. O-O exd4 11. Qxd4 Qb6) ({Predecessor:} 9... exd4 10. Qxd4 Qxd4 11. Nxd4 g6 12. O-O-O Bg7 13. Be2 Nd7 14. g4 Ke7 15. h4 Nc5 {0-1 (52) Travkina,A (2304)-Anikonov,D (2400) Moscow 2017}) 10. O-O (10. O-O-O $11 {is superior.}) 10... Be7 (10... Qxb2 $5 {[%cal Re5d4]} 11. Bc4 exd4 12. Nxd4 Qb6 $11) 11. a4 a5 12. Nd1 O-O 13. c3 Nf6 14. h3 Qc7 (14... Be6 $11) 15. f5 ({Better is} 15. Qf3 $14) 15... d5 $15 16. Nf2 exd4 17. cxd4 dxe4 18. Nxe4 Nxe4 19. Qxe4 {[%cal Of5f6]} Bf6 20. Bc4 Bd7 21. Rad1 Rae8 22. Qg4 b5 23. axb5 cxb5 24. Bd3 ({White should play} 24. Bd5) 24... Qd6 25. Kh1 Re3 {Inhibits Ng3.} (25... Bc6 $17 {Threatens to win with ...Re3.} 26. Nf4 Re3) 26. Bb1 $2 ({White should try} 26. Nc3 $1 $15) 26... Rfe8 27. Nf4 b4 (27... Bxd4 28. Ne6 $1 {[%mdl 512]} (28. Nh5 Bc6 $16) 28... Bxe6 29. fxe6 (29. Rxd4 $2 Bd5 $19) 29... Qxe6 30. Qxe6 (30. Rxd4 Qxg4 31. hxg4 b4 $18) (30. Qxd4 Rxh3+ 31. Kg1 Rh5 $16) 30... R3xe6 31. Rxd4 $18) 28. Nh5 Kh8 {White must now prevent ...Bb5.} 29. Nf4 $2 (29. Nxf6 {was necessary.} gxf6 30. Qh4) 29... Bb5 {This bishop pair is nice.} 30. Rg1 Be2 (30... Bxd4 31. Rxd4 $1 {[%mdl 512]} Qh6 32. Rd5 $18) 31. Nxe2 Rxe2 {[%cal Be3e2,Be2b2,Bb2f2][%mdl 32]} 32. Ba2 Qd7 ({Not} 32... Rxb2 $2 33. Bxf7 Rf8 34. Be6 $19) (32... R2e3 $19 {and Black stays clearly on top. Hoping for ...R8e4.} 33. Rd2 (33. Bxf7 $2 R8e4 $19) 33... b3) 33. Qh5 (33. Be6 $17 {was forced.} Qb5 34. Bxf7) 33... Kg8 $2 {[#]} (33... Bxd4 $2 34. Bxf7 R8e3 35. Bc4 $18) (33... Rxb2 $19 34. Bxf7 Rf8) 34. Bc4 {[%mdl 8192]} (34. Be6 $1 $16 {[%cal Re6d7][%mdl 512] is necessary to keep the advantage.} fxe6 35. Qxe2) 34... Rxb2 $19 {aiming for ...Rc2.} 35. Rge1 {[%cal Oh5f7] Threatening mate with Qxf7+!} Rf8 ({Stronger than} 35... Rxe1+ 36. Rxe1 h6 37. Bxf7+ Qxf7 38. Re8+ Qxe8 39. Qxe8+ Kh7 40. Qg6+ Kh8 41. Qe8+ Kh7 42. Qg6+ Kh8 43. Qe8+ Kh7 $11) 36. Rc1 a4 {Black is clearly winning.} 37. Re4 Rf2 38. g4 (38. Rce1 $142) 38... Qd6 {[%csl Gf2][%cal Rd6h2]} 39. Qxf7+ Rxf7 {[%csl Gf2][%cal Rd6h2]} 40. Re8+ Qf8 41. Rce1 {[#]} g6 $1 {Weighted Error Value: White=0.81/Black=0.53} 0-1

[Event "26th Bosnjaci Open 2022"]
[Site "Bosnjaci"]
[Date "2022.01.09"]
[Round "9.10"]
[White "Boban, Sten"]
[Black "Dutina, Dario"]
[Result "0-1"]
[WhiteElo "2079"]
[BlackElo "2197"]
[Annotator "TA"]
[PlyCount "56"]
[EventDate "2022.01.03"]
[EventType "swiss"]
[EventCountry "CRO"]
[SourceTitle "playchess.com"]
[Source "ChessBase"]
[SourceQuality "1"]

{[%evp 17,56,-7,0,0,-11,-16,0,-69,-70,-58,-52,-83,-97,-138,-149,-319,-138,-143,-129,-133,-129,-146,-129,-128,-129,-137,-127,-179,-159,-187,-121,-134,-139,-205,-201,-476,-458,-444,-430,-627,-460]} 1. d4 e6 2. Nf3 c5 3. e3 Nf6 4. Bd3 Nc6 5. c3 d5 6. O-O Bd6 7. Nbd2 O-O 8. Re1 e5 9. dxe5 Nxe5 10. Nxe5 {D05: Colle System with ...e6.} Bxe5 11. e4 Bg4 12. Be2 (12. f3 $11 Be6 13. exd5 Qxd5 14. Qe2) 12... Bxe2 $15 13. Qxe2 Re8 {[#]} 14. Qf3 $146 ({Predecessor:} 14. g3 Bc7 15. c4 dxe4 16. Nf1 Nd7 17. Qg4 Ne5 18. Qxe4 Nf3+ 19. Qxf3 Rxe1 20. Bg5 Rxf1+ 21. Kxf1 Qxg5 22. Qxb7 {0-1 (37) Parry,M (1909)-Longson,S (2117) Cardiff 2016}) 14... Bc7 15. h3 (15. Rd1 $142) 15... dxe4 $17 16. Qe3 {[#]} (16. Qe2 $17) 16... Qd6 (16... Nd5 $1 $19 {[%cal Rd5e3] is more deadly.} 17. Qe2 Nf4) 17. Nf1 Rad8 {Black is much more active.} 18. Qe2 h6 {Inhibits Bg5.} 19. Be3 b6 $36 {[%mdl 2048] White is under strong pressure.} 20. Rad1 Qe6 21. Qa6 Bb8 22. a4 (22. Rxd8 $17 {is a better defense.} Rxd8 23. Re2) 22... Nd5 23. Rd2 Nxe3 (23... f5 $19 {Hoping for ...f4.} 24. Red1 Rd6) 24. Rxe3 f5 25. g3 (25. Rxd8 $17 Rxd8 26. Re1) 25... f4 $19 26. gxf4 $2 {[#]} (26. Rxd8 {keeps fighting.} Rxd8 27. Re2) 26... Rxd2 {Black is clearly winning.} 27. Nxd2 Bxf4 28. Nf1 (28. Rxe4 $142 Qg6+ 29. Kf1 Rxe4 30. Nxe4 Qxe4 31. Qxa7 Qh1+ 32. Ke2) 28... Rd8 {Weighted Error Value: White=0.56/Black=0.22 (precise)} 0-1

[Event "26th Bosnjaci Open 2022"]
[Site "Bosnjaci"]
[Date "2022.01.09"]
[Round "9.11"]
[White "Petrovic, Drazen"]
[Black "Miletic, Josip"]
[Result "0-1"]
[WhiteElo "2060"]
[BlackElo "2161"]
[Annotator "TA"]
[PlyCount "88"]
[EventDate "2022.01.03"]
[EventType "swiss"]
[EventCountry "CRO"]
[SourceTitle "playchess.com"]
[Source "ChessBase"]
[SourceQuality "1"]

{[%evp 9,88,57,64,46,65,21,29,14,25,25,25,0,15,0,37,25,37,13,49,8,20,0,18,16,28,-13,0,-7,0,-47,10,-14,-16,-82,-58,-62,-52,-46,-53,-60,-50,-92,-55,-45,-42,-51,-57,-87,-59,-56,-46,-181,-173,-192,-177,-158,-160,-160,-149,-181,-174,-222,-222,-216,-217,-207,-219,-260,-254,-386,-384,-379,-366,-402,-370,-610,-608,-583,-573,-2012,-531]} 1. d4 g6 2. Nf3 Bg7 3. c4 d6 4. Nc3 Nh6 5. e4 f6 {[#]} 6. Be3 $146 {A41: 1 d4 d6: Tartakower System and Modern Defence.} ({Predecessor:} 6. h4 Bg4 7. Be2 Nf7 8. d5 c5 9. Ng1 Bc8 10. Nh3 Na6 11. f4 Nc7 12. Qc2 {1-0 (30) Sohal,T (2355)-Kagaoan,J (2003) Victoria 2014}) 6... c6 7. c5 (7. Be2 $14) 7... Ng4 8. Bf4 {And now cxd6 would win. White has an edge.} e5 9. dxe5 dxe5 10. Qxd8+ Kxd8 11. Rd1+ Ke8 12. Bc1 Be6 13. b4 {[%cal Bb2b4,Bb4b5,Bb5b6][%mdl 32]} Nh6 14. Be2 (14. Nd2 $14) 14... Nf7 15. O-O Na6 {[%cal Bb8a6,Ba6c7,Bc7e8,Be8f6][%mdl 32]} 16. Ba3 Nc7 17. Nd2 (17. b5 $142) 17... Ke7 18. b5 Rhd8 19. Bb4 (19. Nb3 $11 {is more appropriate.}) 19... f5 ({Black should try} 19... Rd4 $15 20. Ba3 Rad8 21. bxc6 bxc6) 20. b6 Ne8 21. Nf3 {To avoid Rd4} (21. exf5 $11 {remains equal.} gxf5 22. Nb3) 21... Nf6 22. Rxd8 Kxd8 23. Rd1+ Ke8 24. Nd2 Bf8 {[#] Threatens to win with ...axb6.} 25. Bc4 (25. bxa7 $15 {is superior.} Rxa7 26. Bc4 Bxc4 27. Nxc4) 25... Nd8 {[%cal Bf7d8,Bd8e6,Be6c5][%mdl 32] Strongly threatening ...axb6.} (25... axb6 {looks sharper.} 26. Bxe6 bxc5 27. exf5 Ng5 28. Nde4 Nfxe4 29. Nxe4 Nxe4 30. f3 Nf6) 26. bxa7 Rxa7 27. exf5 gxf5 28. Re1 Nd7 29. a3 Kf7 {[%cal Be8f7,Bf7f6,Bf6f5,Bf5e6][%mdl 32]} 30. Bxe6+ {Now White is beyond hope.} (30. h3 $15) 30... Nxe6 $19 31. Nc4 Kf6 32. g4 Bxc5 33. gxf5 Kxf5 34. Bxc5 Nexc5 ({Worse is} 34... Ndxc5 35. Rxe5+ Kf6 36. a4 $15) 35. Rd1 (35. Kf1 {is a better defense.}) 35... b5 36. Ne3+ Ke6 37. Nc2 Nf6 38. f3 Nd5 39. Ne4 (39. Nxd5 $142 cxd5 40. Rb1) 39... Nxe4 40. fxe4 Nc3 41. Re1 Ra4 42. Nb4 $2 {[#]} (42. Re3 Nxe4 43. Nb4) 42... c5 {Black is clearly winning.} 43. Nd3 Kd6 44. Rc1 Nxe4 {Weighted Error Value: White=0.50/Black=0.11 (very precise)} (44... Ne2+ $142 45. Kf2 Nxc1 46. Nxc1 Rxa3) 0-1

[Event "26th Bosnjaci Open 2022"]
[Site "Bosnjaci"]
[Date "2022.01.09"]
[Round "9.13"]
[White "Caric, Mato"]
[Black "Jelecevic, Ivo"]
[Result "1/2-1/2"]
[WhiteElo "2029"]
[BlackElo "2136"]
[Annotator "TA"]
[PlyCount "51"]
[EventDate "2022.01.03"]
[EventType "swiss"]
[EventCountry "CRO"]
[SourceTitle "playchess.com"]
[Source "ChessBase"]
[SourceQuality "1"]

{[%evp 18,51,21,26,35,0,34,0,-4,0,0,0,21,14,21,16,27,34,11,9,34,43,69,64,90,72,78,75,114,112,110,109,109,106,121,118]} 1. e4 c5 2. Nf3 d6 3. d4 cxd4 4. Nxd4 Nf6 5. Nc3 Nc6 6. f3 e5 7. Nb3 Be7 8. Be3 O-O {8...Be6 is the hot move.} 9. Qd2 a5 10. Bb5 Na7 {B56: Classical Sicilian: Unusual Lines.} 11. Be2 Be6 12. O-O Nc6 {[#] The position is equal.} 13. Na4 $146 ({Predecessor:} 13. Bb5 Na7 14. Qd1 {½-½ (16) Magem Badals,J (2543)-Espinosa Aranda,A (2438) Monzon 2016}) 13... d5 {Inhibits c4.} 14. Nb6 Rb8 {[#] Hoping for ...d4.} (14... d4 {keeps more tension.} 15. Nxa8 Bxb3 16. axb3 dxe3 17. Qxd8 Rxd8 18. Nc7 Nd4) 15. exd5 Nxd5 16. Nxd5 Qxd5 17. Qxd5 Bxd5 18. Rfd1 Be6 19. Nc5 Nd4 20. Nxe6 fxe6 21. Bxd4 {White is better.} exd4 22. Bc4 Rfd8 23. Bxe6+ Kf8 24. Bf5 g6 25. Bd3 Bg5 26. g3 {Weighted Error Value: White=0.06 (flawless) /Black=0.15 (very precise)} 1/2-1/2

[Event "26th Bosnjaci Open 2022"]
[Site "Bosnjaci"]
[Date "2022.01.09"]
[Round "9.14"]
[White "Begic, Domagoj"]
[Black "Abdil, Halil"]
[Result "1-0"]
[WhiteElo "1816"]
[BlackElo "2117"]
[Annotator "TA"]
[PlyCount "151"]
[EventDate "2022.01.03"]
[EventType "swiss"]
[EventCountry "CRO"]
[SourceTitle "playchess.com"]
[Source "ChessBase"]
[SourceQuality "1"]

{[%evp 12,151,12,15,29,15,27,9,12,7,16,18,37,12,29,8,19,12,14,0,0,-9,12,-19,-16,-9,-4,-33,-31,-24,0,0,0,-8,-5,-16,-15,-39,-9,-23,-10,-27,10,-24,-12,-32,16,16,16,16,23,23,27,18,30,13,13,12,13,0,6,0,6,0,0,0,0,-20,0,0,0,0,72,73,89,0,0,0,0,0,0,0,0,0,0,0,0,0,0,-3,-3,-7,-7,-7,-7,-7,8,8,8,8,8,8,8,8,8,8,8,8,8,8,161,47,47,8,8,8,8,8,83,11,11,11,11,8,83,83,83,83,83,83,29975,83,29977,29968,29961,5151,29977,29978,29978,29978,29977,1023]} 1. e4 c5 2. Nc3 d6 3. g3 Nc6 4. Bg2 g6 5. d3 Bg7 6. Nge2 e5 7. Nd5 Nce7 {B25: Closed Sicilian: 3 g3, lines without early Be3.} 8. Nec3 Be6 {[#]} 9. Be3 $146 ({Predecessor:} 9. O-O Bxd5 10. Nxd5 Nxd5 11. exd5 Ne7 12. f4 exf4 13. Bxf4 Bxb2 14. Rb1 Bd4+ 15. Kh1 {0-1 (45) Fathi,H (2120)-Daghli,A (2392) Hamedan 2019}) 9... Nf6 {The position is equal.} 10. Nxf6+ Bxf6 11. Qd2 O-O 12. O-O Bg7 13. a3 Qd7 14. Rae1 b5 15. Ne2 a5 16. c3 Rab8 {[%cal Ba8b8,Bb8b7,Bb7b2][%mdl 32]} 17. Ra1 b4 18. axb4 axb4 19. Ra6 Rb7 20. Rfa1 bxc3 21. bxc3 Rfb8 22. Ra8 Qc8 23. Rxb8 Qxb8 24. Rc1 Rb2 25. Rc2 Rb1+ 26. Rc1 f5 27. f3 fxe4 (27... Rb2 {with more complications.} 28. Rc2 Rb7 29. Rc1 Rb3 30. Bg5 Nc6) 28. dxe4 Bc4 (28... Rb2 $15 {deserves consideration.} 29. Rc2 Rb1+ 30. Rc1 Rb2) 29. Rxb1 $11 Qxb1+ 30. Nc1 {[%cal Be2c1,Bc1d3,Bd3b2,Bb2d1,Bd1f2,Bf2e4][%mdl 32]} Qb6 31. Bf1 Be6 32. Nd3 Nc6 33. Nb2 {[%cal Od2d6]} Na5 34. Kf2 Bf8 35. Kg1 Qb3 36. h4 h5 37. Nd1 Nc4 38. Bxc4 Bxc4 39. Nf2 d5 {...d4 is the strong threat.} 40. exd5 Bxd5 {A strong pair of Bishops.} 41. Qd3 Bf7 (41... Kg7 $11) 42. Ne4 $16 Bc4 43. Qd2 {White is more active.} ({Much weaker is} 43. Nf6+ Kf7 44. Qd7+ Be7 $11) (43. Qd7 $1 $16 {White wants to mate with Nf6+.} Bg7 44. Ng5 (44. Bxc5 Bd5 $11) 44... Qb1+ 45. Kh2) 43... Qb1+ $11 44. Kh2 Qf1 $36 {[%mdl 2048] Black is pushing.} 45. Qf2 Qxf2+ 46. Bxf2 {[%mdl 4096] Endgame KBB-KBN} Be2 47. Kg2 c4 48. Bc5 Bh6 49. Bd6 Bg7 50. Kf2 Bd3 51. Nc5 Bf5 52. Ke3 Kf7 53. Ke2 Bf8 54. Bxf8 Kxf8 {KB-KN} 55. Na4 Ke7 56. Nb2 Be6 57. Ke3 Kd6 58. Nd1 Bf5 59. Nf2 Kc6 60. g4 Bc2 {[#]} (60... hxg4 $11 {and Black stays safe.} 61. fxg4 Bc8) 61. gxh5 (61. Kd2 $1 $18 {[%cal Rd2c2]} Bb1 62. Kc1 hxg4 63. Kxb1 (63. Nxg4 Bf5 $16)) 61... gxh5 $14 62. Nh1 (62. Ne4 $5 {[%cal Rf3f4]}) 62... Kd5 63. Ng3 Bg6 64. Nf1 e4 {[#]} (64... Bd3 $11 65. Nd2 Ke6) 65. f4 ({Better is} 65. fxe4+ $1 $16 Bxe4 66. Kf4) 65... Ke6 66. Ng3 {Hoping for Kd4.} Kd5 $1 67. f5 Bh7 (67... Bf7 $11) 68. Nxh5 $16 {Threatening mate with Nf6+.} Bxf5 69. Kf4 Bg6 70. Nf6+ Kc5 $2 {[%mdl 8192]} (70... Ke6 $16 71. Nxe4 Bh5) 71. Nxe4+ $2 (71. h5 {mates} e3 72. hxg6 e2 73. g7 e1=Q 74. g8=Q Qf2+ 75. Ke5 Qh2+ 76. Ke6) 71... Kb5 $2 {[%mdl 8192]} (71... Kd5 $16 72. Ng5 Kd6) 72. Nd6+ Kc5 73. Ke5 {Ne4+ would kill now.} Bh7 74. Ne4+ {White mates.} Kb5 75. Kd4 Bg8 76. Nd6+ {Weighted Error Value: White=0.09 (flawless) /Black=0.17 (very precise)} (76. h5 $142 Kc6 77. Nf6 Be6 78. h6 Bf5 79. h7 Bxh7 80. Nxh7 Kb5 81. Kd5) 1-0

[Event "26th Bosnjaci Open 2022"]
[Site "Bosnjaci"]
[Date "2022.01.09"]
[Round "9.15"]
[White "Lazic, Emanuel"]
[Black "Brkic, Zdenko"]
[Result "0-1"]
[WhiteElo "1995"]
[BlackElo "2063"]
[Annotator "TA"]
[PlyCount "78"]
[EventDate "2022.01.03"]
[EventType "swiss"]
[EventCountry "CRO"]
[SourceTitle "playchess.com"]
[Source "ChessBase"]
[SourceQuality "1"]

{[%evp 11,78,21,83,27,31,0,0,-8,0,0,5,-24,-22,-41,-38,-50,-53,-59,-58,-54,-44,-58,-27,-26,-31,-47,-40,-82,-64,-191,-75,-70,-79,-199,-171,-899,-874,-1940,-1940,-1872,-1723,-1349,-1341,-29986,-29987,-29987,-29988,-29988,-1272,-29990,-29991,-29991,-29992,-29993,-29991,-29991,-29992,-29993,-29993,-29993,-29994,-29994,-29992,-29992,-29993,-29993,-29993,-29993,-29991]} 1. e4 e6 2. d4 d5 3. e5 c5 4. c3 cxd4 5. cxd4 Nc6 6. Nf3 f5 {6...Nge7 is the modern continuation.} (6... Nge7 $11 {remains equal.}) 7. exf6 {C02: French: Advance Variation.} (7. a3 $16) 7... Nxf6 $11 8. a3 {Prevents Bb4+.} Bd6 {[%cal Bf8d6,Bd6e5,Be5c7][%mdl 32]} 9. Bd3 {The position is equal.} e5 10. dxe5 Nxe5 11. Nxe5 Bxe5 12. O-O ({Reject} 12. Qe2 O-O $1 13. O-O (13. Qxe5 $2 Re8 $19) 13... Re8 $15) 12... O-O $1 {[%cal Oe5h2] Threatens to win with ...Bxh2+!} 13. h3 {[#]} Bc7 $146 {[%cal Of6g4]} ({Predecessor:} 13... Qb6 14. Nc3 Be6 15. Na4 Qd4 16. Be3 Qh4 17. f4 Bd6 18. Nc5 Bxh3 19. Bf2 Qxf4 20. g3 Qg5 21. Qc1 Qh5 22. Qd1 Bg4 23. Qc2 Bf3 24. Bd4 Qh1+ 25. Kf2 Qg2+ 26. Ke3 Ng4# {0-1 (26) Shmarina,D (1757)-Belova,A (1970) Rybinsk 2008}) 14. Be3 Qd6 {[%csl Gc7][%cal Rd6h2] To avoid Bc5} 15. f4 Bd7 16. Nc3 Rae8 17. Bd4 Bb6 $36 {[%mdl 2048] Black has some pressure.} 18. Bxb6 Qxb6+ 19. Rf2 (19. Kh2 $15 {is more appropriate.}) 19... Bc6 $17 20. Qf1 {[#]} (20. Rc1 $15) 20... Ne4 (20... Nh5 $1 $19 {And now ...Rxf4 would win.} 21. Kh2 Re3) 21. Bxe4 dxe4 {[%cal Bd5e4,Be4e3][%mdl 32]} 22. Re1 (22. Qc4+ $17 Kh8 23. Qb4) 22... Rxf4 $19 23. g3 $2 (23. Ree2) 23... Rf3 {Hoping for ...Ref8.} 24. Qg2 Ref8 {[%cal Rf3f2]} 25. Ree2 e3 26. Rxf3 Bxf3 27. Nd5 Qd4 28. Ne7+ Kh8 29. Qf1 Qe5 (29... Qd6 $142 30. g4 Qxe7 31. Qe1 Bxe2 32. Qxe2 Qe4 33. g5 Rf3 34. b4 Qf4 35. Qg2 Rg3 36. Kh2 Rxg2+ 37. Kxg2 Qf2+ 38. Kh1 e2 39. b5 e1=Q#) 30. Kh2 Qxe7 {Black mates.} 31. Rc2 Be4 {[%csl LRc2,LRf1]} 32. Rc7 Qe8 33. Qc4 Bc6 34. Qg4 Rf2+ 35. Kg1 Rg2+ 36. Kf1 Qf8+ 37. Qf4 Rf2+ 38. Ke1 Rxf4 39. gxf4 h6 {Weighted Error Value: White=0.92/Black=0.33} 0-1